[Event "Kochan Memorial op 24th"]
[Site "Koszalin"]
[Date "2013.08.11"]
[Round "2"]
[White "Stefanoff, Zdzislaw"]
[Black "Wasilewska, Paula"]
[Result "1-0"]
[WhiteElo "1512"]
[BlackElo "1317"]
[PlyCount "47"]
[EventDate "2013.08.10"]
[EventType "swiss"]
[EventRounds "9"]
[EventCountry "POL"]
[SourceTitle "CBM 155 Extra"]
[Source "ChessBase"]
[SourceDate "2013.08.26"]
[SourceVersion "1"]
[SourceVersionDate "2013.08.26"]
[SourceQuality "1"]

1. d4 d5 2. c4 c6 3. Nc3 dxc4 4. e4 b5 5. a4 a6 6. axb5 cxb5 7. Nxb5 axb5 8. Rxa8 Ba6 9. Bf4 Qa5+ 10. Qd2 Qa1+ 11. Ke2 c3 12. Rxb8+ Kd7 13. bxc3 b4+ 14. Kf3 bxc3 15. Qc2 Bxf1 16. Rxf8 Qb2 17. Qa4+ Qb5 18. Qxb5+ Bxb5 19. Ne2 c2 20. Rc1 Bd3 21. Ke3 Bxe4 22. Rxg8 Rxg8 23. Kxe4 Rb8 24. Rxc2 1-0

[Event "Kochan Memorial op 24th"]
[Site "Koszalin"]
[Date "2013.08.10"]
[Round "1"]
[White "Wasilewska, Paula"]
[Black "Bilczewski, Kacper"]
[Result "0-1"]
[WhiteElo "1317"]
[BlackElo "1807"]
[PlyCount "108"]
[EventDate "2013.08.10"]
[EventType "swiss"]
[EventRounds "9"]
[EventCountry "POL"]
[SourceTitle "CBM 155 Extra"]
[Source "ChessBase"]
[SourceDate "2013.08.26"]
[SourceVersion "1"]
[SourceVersionDate "2013.08.26"]
[SourceQuality "1"]

1. d4 d5 2. e3 c6 3. c4 Nf6 4. Nc3 e6 5. Nf3 Nbd7 6. Bd2 Bd6 7. c5 Bc7 8. a3 e5 9. dxe5 Nxe5 10. Nxe5 Bxe5 11. Rc1 0-0 12. b4 d4 13. exd4 Bxd4 14. Be2 Re8 15. 0-0 Qc7 16. g3 Bh3 17. Re1 Rad8 18. Bf1 Rxe1 19. Qxe1 Bxf1 20. Qxf1 Bxc5 21. Bf4 Bd6 22. Bxd6 Qxd6 23. Rd1 Qc7 24. Re1 Re8 25. Rd1 Qe5 26. Rd3 Ng4 27. h3 Nf6 28. Re3 Qf5 29. g4 Qc8 30. Rd3 Qc7 31. Qd1 h6 32. Kg2 a6 33. Rd6 Nd5 34. Rxd5 cxd5 35. Nxd5 Qd6 36. Qb3 Qe6 37. Qc4 Rd8 38. Ne3 Qxc4 39. Nxc4 Rc8 40. Nd6 Rc3 41. Nxb7 Rxa3 42. Nc5 Kf8 43. f3 Ke7 44. Kg3 g5 45. Kf2 Kd6 46. Nb7+ Ke5 47. Nc5 Kf4 48. Kg2 Ra2+ 49. Kg1 Kxf3 50. Nd3 Kg3 51. Kf1 Kxh3 52. Nf2+ Rxf2+ 53. Kxf2 Kxg4 54. Kg2 Kf4 0-1

[Event "Guzinsky Memorial-B 6th"]
[Site "Lazy"]
[Date "2013.05.04"]
[Round "8"]
[White "Koseska, Kamila"]
[Black "Wasilewska, Paula"]
[Result "0-1"]
[WhiteElo "1249"]
[BlackElo "1270"]
[PlyCount "118"]
[EventDate "2013.04.28"]
[EventType "swiss"]
[EventRounds "9"]
[EventCountry "POL"]
[SourceTitle "EXT 2015"]
[Source "ChessBase"]
[SourceDate "2014.11.20"]
[SourceVersion "1"]
[SourceVersionDate "2014.11.20"]
[SourceQuality "1"]

1. e4 e5 2. Nf3 d6 3. Bc4 Be7 4. d3 Nd7 5. Be3 h6 6. h3 b6 7. Nc3 Bb7 8. 0-0 Ngf6 9. Qe2 Nf8 10. Rfe1 Ng6 11. Rad1 0-0 12. Bd2 Rc8 13. Nb5 a6 14. Nc3 b5 15. Bb3 c5 16. Bd5 Bxd5 17. Nxd5 Nxd5 18. exd5 Qc7 19. c4 b4 20. b3 a5 21. Ra1 Ra8 22. a3 f5 23. a4 Bf6 24. Rab1 Rae8 25. Be3 Re7 26. Qc2 Rfe8 27. Re2 f4 28. Bd2 Nh4 29. Nxh4 Bxh4 30. Re4 Bg5 31. f3 Qd7 32. Be1 Rf8 33. Kf1 Qf5 34. Ke2 Qf6 35. Kd2 Bh4 36. Bxh4 Qxh4 37. Kc1 Rf5 38. Kb2 Ref7 39. Rd1 R7f6 40. Rd2 Rg5 41. Ka2 Rfg6 42. Kb2 Rg3 43. Ka2 Qf6 44. Kb2 R6g5 45. Ka2 Rf5 46. Kb2 h5 47. Ka2 g5 48. Re1 g4 49. hxg4 hxg4 50. Rf1 gxf3 51. gxf3 Rfg5 52. Rdf2 Qg7 53. Re1 Rg1 54. Rxg1 Rxg1 55. Qd2 e4 56. Qb2 Qxb2+ 57. Kxb2 e3 58. Rh2 Rf1 59. Re2 Rf2 0-1